Normal view
MARC view
Entry Topical Term
001 - CONTROL NUMBER
- control field: 46856
003 - CONTROL NUMBER IDENTIFIER
- control field: ARRUPE
005 - DATE AND TIME OF LATEST TRANSACTION
- control field: 20190710114435.0
008 - FIXED-LENGTH DATA ELEMENTS
- fixed length control field: 190710|| aca||aabn | a|a d
040 ## - CATALOGING SOURCE
- Original cataloging agency: ARRUPE
- Transcribing agency: ARRUPE
150 ## - HEADING--TOPICAL TERM
- Topical term or geographic name as entry element:
- Topical term following geographic name as entry element: Zimbabwe
- General subdivision: Economic conditions
- Geographic subdivision: 1980
670 ## - SOURCE DATA FOUND
- Source citation: Work cat.: (ARRUPE)17122: Land reform in Zimbabwe, 2000